Loading...

Sree Ramakrishna Charithamritham

Bibliographic Details
Main Author: Raman Menon. K.
Format: Printed Book
Language:Malayalam
Published: Kollam S.T.Reddiar&Sons 1104
LEADER 00458nam a2200133Ia 4500
008 111205s9999 xx 000 0 mal d
082 |a 853 RAG/S 
100 |a Raman Menon. K., 
245 |a Sree Ramakrishna Charithamritham  |c Raman Menon. K., 
260 |b S.T.Reddiar&Sons  |a  Kollam  |c 1104 
300 |a 179 
942 |c BK 
999 |c 201731  |d 201731 
952 |0 0  |1 0  |2 ddc  |4 0  |6 S_10R2  |7 0  |9 223238  |a MAL  |b MAL  |c SEC  |d 2006-10-06  |g 0.00  |l 0  |o S10R2  |p MAL13358  |r 2015-04-13  |v 0.00  |w 2015-04-13  |y BK